| 000 | 00951nam a22002297a 4500 | ||
|---|---|---|---|
| 005 | 20240126101115.0 | ||
| 008 | s2553 th tha d | ||
| 020 | _a9789744017383 | ||
| 041 | _atha | ||
| 050 | _aHV6025 ป181อ 2553 | ||
| 100 | 0 | _aปกรณ์ มณีปกรณ์ | |
| 245 | 1 | 0 | _aอาชญาวิทยา และทัณฑวิทยา |
| 260 | 3 |
_aกรุงเทพฯ : _bเวิลด์เทรด ประเทศไทย, _c2553 |
|
| 300 |
_a393 หน้า ; _b 21 ซม. |
||
| 650 | 0 | 4 | _aอาชญาวิทยา |
| 650 | 0 | 4 | _aทัณฑวิทยา |
| 850 | _aNALT | ||
| 942 |
_cGB _03 |
||
| 997 | _a39289 ฉ.1 / 39290 ฉ.2 | ||
| 997 | _c000000000064039 | ||
| 998 |
_aนางสาวเบญจลักษณ์ สุทธิวิไล _j111 _k นางสาวพจพิณ พรมเอี่ยม |
||
| 999 |
_c64039 _d64039 |
||